[Event "Titled Tuesday intern op 01st Aug Early"]
[Site "Chess.com INT"]
[Date "2023.08.01"]
[Round "6"]
[White "Mikhaylova, Irina"]
[Black "Boramanikar, Tanisha S"]
[Result "1-0"]
[WhiteElo "2216"]
[BlackElo "1571"]
[PlyCount "49"]
[EventDate "2023.08.01"]
[EventType "swiss (blitz)"]
[EventRounds "11"]
[EventCountry "USA"]
[SourceTitle "EXT 2024"]
[Source "ChessBase"]
[SourceDate "2023.10.10"]
[SourceVersion "1"]
[SourceVersionDate "2023.10.10"]
[SourceQuality "1"]

1. Nf3 Nf6 2. c4 c5 3. Nc3 Nc6 4. d4 cxd4 5. Nxd4 g6 6. e4 Bg7 7. Be3 0-0 8. Be2 d6 9. 0-0 a6 10. Rc1 Nxd4 11. Bxd4 Be6 12. Qd2 Rc8 13. b3 h5 14. f3 Kh7 15. Be3 Qd7 16. Rfd1 Rfd8 17. Na4 Qc7 18. Bb6 Qb8 19. Bxd8 Bh6 20. f4 Nxe4 21. Qe3 Rxd8 22. Qxe4 Qa7+ 23. Qd4 Qb8 24. g3 Bg7 25. Qe3 1-0

[Event "Titled Tuesday intern op 13th Jun Early"]
[Site "Chess.com INT"]
[Date "2023.06.13"]
[Round "2"]
[White "Lopez, Nelson M"]
[Black "Boramanikar, Tanisha S"]
[Result "1-0"]
[WhiteElo "2037"]
[BlackElo "1671"]
[PlyCount "81"]
[EventDate "2023.06.13"]
[EventType "swiss (blitz)"]
[EventRounds "11"]
[EventCountry "USA"]
[SourceTitle "EXT 2024"]
[Source "ChessBase"]
[SourceDate "2023.10.10"]
[SourceVersion "1"]
[SourceVersionDate "2023.10.10"]
[SourceQuality "1"]

1. e4 c5 2. Nf3 Nc6 3. Bb5 g6 4. 0-0 Bg7 5. Nc3 a6 6. Bxc6 bxc6 7. d3 e5 8. Be3 d6 9. a4 Rb8 10. Qc1 Ne7 11. a5 0-0 12. Nd2 f5 13. f3 Be6 14. b3 Qc7 15. Na4 Nc8 16. Nc4 Bxc4 17. dxc4 Kh8 18. Qd2 Ne7 19. Rad1 Rbd8 20. Nb6 Ng8 21. Bg5 Bf6 22. Bxf6+ Rxf6 23. Rfe1 Rf7 24. Re3 Nf6 25. exf5 g5 26. Rd3 Ne8 27. Qxg5 Rg7 28. Qh4 Rb8 29. g4 Qf7 30. h3 Qxf5 31. Kf2 Qf4 32. Qg3 Qf8 33. Kg2 Rf7 34. Qh4 e4 35. fxe4 Nf6 36. Re1 Re8 37. Rde3 Qe7 38. e5 dxe5 39. Rxe5 Qd8 40. Rxe8+ Nxe8 41. Qxd8 1-0

[Event "Titled Tuesday intern op 13th Jun Early"]
[Site "Chess.com INT"]
[Date "2023.06.13"]
[Round "1"]
[White "Mamedov, Edgar"]
[Black "Boramanikar, Tanisha S"]
[Result "1-0"]
[WhiteElo "2224"]
[BlackElo "1671"]
[PlyCount "83"]
[EventDate "2023.06.13"]
[EventType "swiss (blitz)"]
[EventRounds "11"]
[EventCountry "USA"]
[SourceTitle "EXT 2024"]
[Source "ChessBase"]
[SourceDate "2023.10.10"]
[SourceVersion "1"]
[SourceVersionDate "2023.10.10"]
[SourceQuality "1"]

1. d4 Nf6 2. Bg5 Ne4 3. Bf4 c5 4. f3 Nf6 5. dxc5 Nc6 6. Nc3 e5 7. Be3 Qa5 8. a3 Bxc5 9. b4 Nxb4 10. axb4 Qxb4 11. Bd2 Qb6 12. e3 Bxe3 13. Bxe3 Qxe3+ 14. Nge2 0-0 15. Qd2 Qb6 16. Rb1 Qc7 17. g3 Rd8 18. Nb5 Qb6 19. Qd6 Qe3 20. Rb3 Qh6 21. Nc7 Rb8 22. Qe7 Rf8 23. Qxe5 b6 24. Ne6 d6 25. Qxd6 Bxe6 26. Rd3 Qc1+ 27. Nxc1 Bc4 28. Rd4 Rfe8+ 29. Kf2 Be6 30. Bb5 Rec8 31. Bd3 a5 32. Ne2 b5 33. Nf4 Bc4 34. Bxc4 bxc4 35. Rhd1 h6 36. Nd5 Nxd5 37. Qxd5 a4 38. Rxc4 a3 39. Rxc8+ Rxc8 40. Qa2 Rc3 41. Rd3 Rxd3 42. cxd3 1-0

[Event "Titled Tuesday intern op 23rd May Early"]
[Site "Chess.com INT"]
[Date "2023.05.23"]
[Round "11"]
[White "Mayaud, Raphael"]
[Black "Boramanikar, Tanisha S"]
[Result "1-0"]
[WhiteElo "2201"]
[BlackElo "1742"]
[PlyCount "61"]
[EventDate "2023.05.23"]
[EventType "swiss (blitz)"]
[EventRounds "11"]
[EventCountry "USA"]
[SourceTitle "CBM 214 Extra"]
[Source "ChessBase"]
[SourceDate "2023.07.31"]
[SourceVersion "1"]
[SourceVersionDate "2023.07.31"]
[SourceQuality "1"]

1. d4 Nf6 2. Bg5 Ne4 3. Bf4 c5 4. f3 Qa5+ 5. c3 Nf6 6. Nd2 cxd4 7. Nb3 Qd8 8. cxd4 e6 9. e4 d5 10. e5 Nfd7 11. Be3 Bb4+ 12. Kf2 Nc6 13. Bd3 a5 14. f4 b6 15. Qe2 f6 16. Nf3 fxe5 17. fxe5 0-0 18. Rhf1 a4 19. Nbd2 a3 20. Nb3 Qe7 21. Kg1 Bb7 22. bxa3 Rxa3 23. Ng5 g6 24. Rxf8+ Nxf8 25. Rf1 Bc3 26. Rf7 Qb4 27. Rxb7 Qa4 28. Qf2 Nd8 29. Rb8 Rxa2 30. Qf6 Ra1+ 31. Kf2 1-0

[Event "Titled Tuesday intern op 11th Apr Early"]
[Site "Chess.com INT"]
[Date "2023.04.11"]
[Round "3"]
[White "Titichoca Daza, Daniel Henry"]
[Black "Boramanikar, Tanisha S"]
[Result "1-0"]
[WhiteElo "2184"]
[BlackElo "1742"]
[PlyCount "61"]
[EventDate "2023.04.11"]
[EventType "swiss (blitz)"]
[EventRounds "11"]
[EventCountry "USA"]
[SourceTitle "CBM 213 Extra"]
[Source "ChessBase"]
[SourceDate "2023.05.31"]
[SourceVersion "1"]
[SourceVersionDate "2023.05.31"]
[SourceQuality "1"]

1. e4 c5 2. Nc3 Nc6 3. Bb5 Nd4 4. Nf3 g6 5. 0-0 Bg7 6. Nxd4 cxd4 7. Nd5 e6 8. Nf4 a6 9. Bc4 b5 10. Bb3 Bb7 11. d3 Ne7 12. Bd2 0-0 13. a4 Qc7 14. Bb4 Qxf4 15. Bxe7 Rfe8 16. Bb4 d5 17. Bd2 Qh4 18. exd5 e5 19. Qf3 Rad8 20. axb5 axb5 21. Ra7 Rd7 22. Rfa1 Red8 23. Ba5 Bxd5 24. Rxd7 Bxf3 25. Rxd8+ Bf8 26. gxf3 Kg7 27. Rd7 Be7 28. Bd2 Qf6 29. Raa7 Kf8 30. Rxe7 Qxf3 31. Rxf7+ 1-0

[Event "Titled Tuesday intern op 04th Apr Early"]
[Site "Chess.com INT"]
[Date "2023.04.04"]
[Round "4"]
[White "Boramanikar, Tanisha S"]
[Black "Sant Anna, Eddie Luiz G"]
[Result "0-1"]
[WhiteElo "1742"]
[BlackElo "2003"]
[PlyCount "60"]
[EventDate "2023.04.04"]
[EventType "swiss (blitz)"]
[EventRounds "11"]
[EventCountry "USA"]
[SourceTitle "EXT 2024"]
[Source "ChessBase"]
[SourceDate "2023.10.10"]
[SourceVersion "1"]
[SourceVersionDate "2023.10.10"]
[SourceQuality "1"]

1. e4 e6 2. d3 c5 3. Nd2 Nc6 4. g3 Nge7 5. Bg2 e5 6. Ngf3 d6 7. 0-0 Nd4 8. Nxd4 cxd4 9. a4 Nc6 10. f4 Be7 11. f5 Bg5 12. Qh5 Be3+ 13. Kh1 Qg5 14. Qxg5 Bxg5 15. Nc4 Bxc1 16. Nxd6+ Kd7 17. Nxf7 Rf8 18. Nxe5+ Nxe5 19. Raxc1 Kd6 20. h3 a5 21. g4 Bd7 22. b3 h6 23. Kh2 Rac8 24. Kg3 Rc3 25. Bf3 Rfc8 26. f6 gxf6 27. Bd1 Nxd3 28. cxd3 Rxc1 29. Rxf6+ Ke7 30. Rxh6 Rxd1 0-1

[Event "Titled Tuesday intern op 04th Apr Early"]
[Site "Chess.com INT"]
[Date "2023.04.04"]
[Round "5"]
[White "Torres Hernandez, Leslie Carolin"]
[Black "Boramanikar, Tanisha S"]
[Result "1-0"]
[WhiteElo "1861"]
[BlackElo "1742"]
[PlyCount "67"]
[EventDate "2023.04.04"]
[EventType "swiss (blitz)"]
[EventRounds "11"]
[EventCountry "USA"]
[SourceTitle "EXT 2024"]
[Source "ChessBase"]
[SourceDate "2023.10.10"]
[SourceVersion "1"]
[SourceVersionDate "2023.10.10"]
[SourceQuality "1"]

1. e4 c5 2. Nf3 Nc6 3. Bb5 d6 4. 0-0 Bd7 5. c3 a6 6. Be2 g6 7. d4 cxd4 8. cxd4 Bg7 9. Nc3 Nf6 10. h3 0-0 11. Bf4 Re8 12. e5 Nh5 13. Bh2 dxe5 14. dxe5 f5 15. Ng5 e6 16. Bxh5 Qxg5 17. Bxg6 Qxg6 18. Qxd7 Bxe5 19. Qxb7 Bxh2+ 20. Kxh2 Ne5 21. Qc7 Nf7 22. Rfe1 Kh8 23. Rad1 Rg8 24. g3 Rac8 25. Qf4 e5 26. Qh4 f4 27. Rd7 fxg3+ 28. fxg3 Rc4 29. Re4 Rxe4 30. Nxe4 Qc6 31. Qf6+ Qxf6 32. Nxf6 Rg7 33. Re7 Ng5 34. Re8+ 1-0

[Event "Titled Tuesday intern op 27th Dec Early"]
[Site "Chess.com INT"]
[Date "2022.12.27"]
[Round "11"]
[White "Larina, Marija"]
[Black "Boramanikar, Tanisha S"]
[Result "1-0"]
[WhiteElo "1948"]
[BlackElo "1742"]
[PlyCount "119"]
[EventDate "2022.12.27"]
[EventType "swiss (blitz)"]
[EventRounds "11"]
[EventCountry "USA"]
[SourceTitle "EXT 2024"]
[Source "ChessBase"]
[SourceDate "2023.10.10"]
[SourceVersion "1"]
[SourceVersionDate "2023.10.10"]
[SourceQuality "1"]

1. e4 c5 2. Nc3 Nc6 3. g3 g6 4. Bg2 Bg7 5. d3 e6 6. Be3 d6 7. Nge2 Nge7 8. Qd2 0-0 9. Bh6 d5 10. Bxg7 Kxg7 11. 0-0 Rb8 12. a4 a6 13. exd5 exd5 14. d4 c4 15. Nf4 Be6 16. Rfe1 Qd6 17. Nce2 Bf5 18. c3 h5 19. h3 Rh8 20. h4 Bd7 21. Nh3 Bxh3 22. Bxh3 Nf5 23. Bxf5 gxf5 24. Nf4 Ne7 25. Qe2 Rbe8 26. Nxh5+ Kf8 27. Nf4 Rg8 28. Qe5 Qxe5 29. Rxe5 f6 30. Ne6+ Kf7 31. Ree1 Nc6 32. Nc7 Rd8 33. Kg2 Rge8 34. Nxe8 Rxe8 35. Rxe8 Kxe8 36. Re1+ Kf7 37. h5 Ne7 38. Rh1 Kg7 39. f3 Kh6 40. g4 fxg4 41. fxg4 f5 42. Kg3 Kg5 43. h6 f4+ 44. Kf3 Ng6 45. h7 Nh8 46. Rh5+ Kg6 47. Rxd5 Kxh7 48. Kxf4 Kg6 49. Rd6+ Kf7 50. Rd7+ Ke6 51. Rxb7 Kd5 52. Rb6 Nf7 53. Rxa6 Nd8 54. g5 Ne6+ 55. Kf5 Ng7+ 56. Kg6 Ne6 57. Kf6 Nc7 58. Ra7 Ne8+ 59. Ke7 Nd6 60. Rd7 1-0

[Event "Wch U16 Girls"]
[Site "Mamaia"]
[Date "2022.09.11"]
[Round "6"]
[White "Boramanikar, Tanisha S"]
[Black "Manko, Mariya"]
[Result "0-1"]
[WhiteElo "1740"]
[BlackElo "2082"]
[PlyCount "94"]
[EventDate "2022.09.06"]
[EventType "swiss"]
[EventRounds "11"]
[EventCountry "ROU"]
[SourceTitle "CBM 210 Extra"]
[Source "ChessBase"]
[SourceDate "2022.11.30"]
[SourceVersion "1"]
[SourceVersionDate "2022.11.30"]
[SourceQuality "1"]

1. e4 c5 2. c3 d5 3. exd5 Qxd5 4. d4 Nc6 5. Nf3 Bf5 6. Be3 Nf6 7. Na3 cxd4 8. Bc4 Qa5 9. Nxd4 Nxd4 10. Bxd4 e5 11. Bb5+ Bd7 12. Bxd7+ Nxd7 13. Nc4 Qd5 14. Qe2 f6 15. 0-0 b5 16. Ne3 Qe6 17. Nc2 Kf7 18. Be3 Be7 19. Rfd1 a6 20. a4 Qc6 21. Qd3 Nc5 22. Bxc5 Qxc5 23. Ne3 Rad8 24. Qe4 g6 25. Qb7 bxa4 26. Qxa6 Ra8 27. Qc4+ Qxc4 28. Nxc4 Ra6 29. Kf1 Rc8 30. Na3 Rb6 31. Rd2 Rb3 32. Rc2 Bxa3 33. Rxa3 Rxa3 34. bxa3 Rb8 35. c4 Rb3 36. c5 Ke7 37. c6 Kd8 38. c7+ Kc8 39. Ke2 Rxa3 40. Rc6 f5 41. Rc5 e4 42. g4 f4 43. Rc4 f3+ 44. Ke1 Ra1+ 45. Kd2 a3 46. Kc2 e3 47. fxe3 f2 0-1

[Event "Bhubaneswar op-A 13th"]
[Site "Bhubaneswar"]
[Date "2022.05.22"]
[Round "1"]
[White "Laxman, Rajaram"]
[Black "Boramanikar, Tanisha S"]
[Result "1-0"]
[WhiteElo "2420"]
[BlackElo "1716"]
[PlyCount "81"]
[EventDate "2022.05.22"]
[EventType "swiss"]
[EventRounds "10"]
[EventCountry "IND"]
[SourceTitle "CBM 208 Extra"]
[Source "ChessBase"]
[SourceDate "2022.07.31"]
[SourceVersion "1"]
[SourceVersionDate "2022.07.31"]
[SourceQuality "1"]

1. d4 Nf6 2. Nf3 b6 3. g3 Bb7 4. c4 e6 5. Bg2 Bb4+ 6. Bd2 Be7 7. Nc3 0-0 8. 0-0 Ne4 9. Rc1 f5 10. d5 Bf6 11. Be1 Qe7 12. Nd4 Bxd4 13. Qxd4 Qc5 14. Qxc5 Nxc5 15. b4 Nca6 16. a3 e5 17. c5 c6 18. d6 e4 19. Na4 Bc8 20. cxb6 Bb7 21. Bc3 Re8 22. Bd2 Re6 23. Bf4 h6 24. h4 g5 25. hxg5 hxg5 26. Bxg5 Rxd6 27. Be3 c5 28. Bxc5 Nxc5 29. Nxc5 Rxb6 30. Nxb7 Rxb7 31. Rc8+ Kg7 32. f3 a5 33. fxe4 Ra6 34. exf5 Rb5 35. bxa5 Raxa5 36. f6+ Kf7 37. Rh8 Nc6 38. Rh7+ Kf8 39. g4 Nd4 40. f7 Nxe2+ 41. Kh2 1-0

[Event "Wch U12 Girls"]
[Site "Santiago de Compostela"]
[Date "2018.11.14"]
[Round "10"]
[White "Boramanikar, Tanisha S"]
[Black "Omonova, Umida"]
[Result "0-1"]
[WhiteElo "1716"]
[BlackElo "1854"]
[PlyCount "112"]
[EventDate "2018.11.04"]
[EventType "swiss"]
[EventRounds "11"]
[EventCountry "ESP"]
[SourceTitle "EXT 2022"]
[Source "ChessBase"]
[SourceDate "2021.10.06"]
[SourceVersion "1"]
[SourceVersionDate "2021.10.06"]
[SourceQuality "1"]

1. e4 c5 2. Nf3 Nc6 3. d4 cxd4 4. Nxd4 g6 5. Nc3 Bg7 6. Nxc6 bxc6 7. Bc4 d6 8. Qf3 e6 9. 0-0 Ne7 10. Bg5 0-0 11. Bf6 d5 12. Rad1 Bb7 13. Rfe1 Bxf6 14. Qxf6 Nc8 15. Qe5 Qd6 16. exd5 Qxe5 17. Rxe5 cxd5 18. Bf1 Bc6 19. Ne2 Nd6 20. Nd4 Rfc8 21. Ree1 a5 22. Rd3 Bb5 23. Nxb5 Nxb5 24. Rd2 Nd6 25. a4 Ne4 26. Rde2 Rc7 27. f3 Nd6 28. Rf2 Rac8 29. Bd3 Nc4 30. b3 Nd6 31. g4 Rc3 32. Kg2 R8c7 33. Ree2 Re7 34. Re1 e5 35. Rfe2 f6 36. Re3 Kg7 37. Kf2 e4 38. fxe4 dxe4 39. R3e2 f5 40. gxf5 gxf5 41. Rd1 Kf6 42. Ba6 Ke5 43. Ke1 e3 44. Rg2 Ne4 45. Bd3 f4 46. Ke2 h6 47. Rg6 Nf2 48. Rf1 Nxd3 49. cxd3 Rc2+ 50. Kf3 Rxh2 51. Ra6 Rh3+ 52. Ke2 Kf5 53. Rxa5+ Kg4 54. Ra8 Rh2+ 55. Ke1 Rc7 56. Rg8+ Kh5 0-1